Central Library OPAC University of Rajshahi

THE EFFECT OF ADDITIVES IN LEAD-ACETATE MEDIA FOR THE ELECTRODEPOSITION OF PbO2 ON Ni-SUBSTRATE FOR LIGHTWEIGHT LEAD-ACID BATTERY / (Record no. 84198)

MARC details
000 -LEADER
fixed length control field 00994nam a2200241 a 4500
001 - CONTROL NUMBER
RUCL Control Number 84198
003 - CONTROL NUMBER IDENTIFIER
rucl marc code BD-RjUL
005 - DATE AND TIME OF LATEST TRANSACTION
control field 20241030165750.0
008 - FIXED-LENGTH DATA ELEMENTS--GENERAL INFORMATION
fixed length control field 241030s2022 bg a|||| m||| 00| 0 eng d
035 ## - SYSTEM CONTROL NUMBER
system control number (BD-RjUL)84198
040 ## - CATALOGING SOURCE
Original cataloging agency BD-RjUL
Language of cataloging eng
Transcribing agency BD-RjUL
Modifying agency BD-RjUL
041 ## - LANGUAGE CODE
Language code of Book eng
082 ## - DEWEY DECIMAL CLASSIFICATION NUMBER
DDC Edition number 23
Classification number 669.4
Author mark and Year YAE 2022
100 ## - MAIN ENTRY--PERSONAL NAME
Personal name Yasmin, Most. Sabina
9 (RLIN) 14009
245 10 - TITLE STATEMENT
Name of Supervisor/Co-Supervisor Supervisor : C. M. Mustafa
Title THE EFFECT OF ADDITIVES IN LEAD-ACETATE MEDIA FOR THE ELECTRODEPOSITION OF PbO2 ON Ni-SUBSTRATE FOR LIGHTWEIGHT LEAD-ACID BATTERY /
Statement of responsibility, etc Most. Sabina Yasmin
260 ## - PUBLICATION, DISTRIBUTION, ETC. (IMPRINT)
Place of publication, distribution, etc Rajshahi :
Name of publisher, distributor, etc Department of Applied Chemistry and Chemical Engineering,University of Rajshahi
Date of publication, distribution, etc 2022
300 ## - PHYSICAL DESCRIPTION
Pagination xii, 160 leaves :
Other physical details ill.;
Dimensions 29 cm.
502 ## - DISSERTATION NOTE
Dissertation note Thesis (Ph.D.) -- Department of Applied Chemistry and Chemical Engineering,University of Rajshahi,2022
504 ## - BIBLIOGRAPHY, ETC. NOTE
Bibliography, etc References : Leaves 127-145
650 ## - SUBJECT ADDED ENTRY--TOPICAL TERM
Topical term or geographic name as entry element Lead
Form subdivision Battery
General subdivision Acid
9 (RLIN) 14010
700 ## - ADDED ENTRY--SUPERVISOR/CO-SUPERVISOR NAME
Personal name Mustafa, C. M. Supervisor
9 (RLIN) 14011
942 ## - ADDED ENTRY ELEMENTS (KOHA)
Source of classification or shelving scheme Dewey Decimal Classification
Koha item type Theses
Holdings
Source of classification or shelving scheme Damaged status Not for loan Collection code Permanent Location Current Location Shelving location Date of accession Source of acquisition Total Checkouts Full call number Barcode Date last seen Copy number Thesis
Dewey Decimal Classification   Not For Loan Theses Central Library, University of Rajshahi Central Library, University of Rajshahi Documentation Section 15/10/2023 Controller of Exam. R.U.   THE 669.4 YAE 2022 D4897 30/10/2024 C-1 Theses